| 000 | 00667nam a2200169 4500 | ||
|---|---|---|---|
| 008 | 170516b xxu||||| |||| 00| 0 eng d | ||
| 020 | _a0-19-505063-0 (acid-free paper) | ||
| 082 |
_21994 _aDC 332.64273 _bM43 |
||
| 100 |
_920834 _aMatthews, John O |
||
| 245 |
_aStruggle and survival on Wall Street : _bthe economics of competition among securities firms / _cJohn O. Matthews. |
||
| 260 |
_aNew York : _bOxford University Press, _c©1994. |
||
| 300 |
_axiii, 271 pages : _billustrations ; _c24 cm |
||
| 500 | _aIncludes bibliographical references and indexes. | ||
| 650 | 0 |
_920835 _aSecurities industry -- United States |
|
| 365 |
_b1,715.00 _cPhp |
||
| 942 |
_2ddc _cDC |
||
| 999 |
_c6887 _d6887 |
||